00289nam a2200121Ia 4500008004100000041000800041082001200049100001700061245001500078260003000093300003300123365001100156240624s9999 xx 000 0 und d aeng a823 GRI aGRISHAM JOHN aCALICO JOE c2012aNew DelhibHachette axxxiv, : 246 : p. : cm. ; 18 cRSb25